000 00919nam a2200193 a 4500
001 2110
003 CO-ViMGA
008 141112s2004 ck r 000 u spa d
040 _aCO-ViMGA
_bspa
_cCO-ViMGA
082 0 4 _a618.19 B515
100 1 _aBland, Kirby I
_950871
245 1 0 _aLa Mamá :
_bmanejo multidisciplinario de las enfermedades beningnas y malignas /
_cBland Kirby , Copeland Edward
260 _aBuenos Aires :
_bMedica PanAméricana,
_c1993
300 _a1360 p : il
505 _aAnatomía y fisiología de la mama normal y durante la lactancia 47 - - Mecanismos de oncogenesis y metástasis mamarias 453 - - Cirugía para las enfermedades benignas y malignas de las mamas 651 - - Tratamiento de la enfermedad sistemica 1059 - - Problemas clínicos especiales en el cáncer de mama 1233
650 1 4 _aCopeland, Edward
_950872
650 1 4 _aGLANDULAS MAMARIAS - ENFERMEDADES
_950873
942 _2ddc
_cBK
999 _c14253
_d14253